[Event "AUTO-OPEN-4617"]
[Site "http://www.queenalice.com/game.php?id=1863747"]
[Date "2025.10.2"]
[Round "1"]
[White "ricardoaurelio"]
[Black "gomezeta"]
[Result "0-1"]
[WhiteElo "1946"]
[BlackElo "2114"]

1. e4 e5 2. Nf3 Nc6 3. Nc3 Nf6 4. Bc4 Bc5 5. h3 d6 6. O-O O-O 7. Nd5 Nxe4 8. d3
Ng3 9. Re1 Nf5 10. Bg5 Qd7 11. c3 h6 12. Bh4 Nxh4 13. Nxh4 a6 14. a4 Qd8 15. Nf3
Be6 16. b4 Ba7 17. Ra2 Ne7 18. Nxe7+ Qxe7 19. Bxe6 fxe6 20. Rae2 Rxf3 21. gxf3
Qh4 22. Kg2 d5 23. Qd2 c6 24. Rxe5 Rf8 25. Rxe6 Qh5 26. Qe2 Qg5+ 27. Kh1 Qh5 28.
Kg2 Rf5 29. Re5 Qg5+ 30. Kh1 Qh5 31. Kh2 Bb8 32. f4 Bxe5 33. fxe5 Rf3 34. Qf1
Qf5 35. Kg1 Rxh3 36. Re3 Qg5+ 37. Rg3 Rxg3+ 0-1

[Event "AUTO-OPEN-4617"]
[Site "http://www.queenalice.com/game.php?id=1863749"]
[Date "2025.10.2"]
[Round "1"]
[White "ricardoaurelio"]
[Black "game"]
[Result "1-0"]
[WhiteElo "2054"]
[BlackElo "1698"]

1. e4 d6 2. d4 Nf6 3. Nc3 d5 4. e5 Ne4 5. Nxe4 dxe4 6. c3 Bf5 7. Be3 Nd7 8. Bc4
e6 9. Ne2 Nb6 10. Bb3 Qf6 11. exf6 gxf6 12. d5 Rd8 13. Ng3 exd5 14. Nxf5 1-0

[Event "AUTO-OPEN-4617"]
[Site "http://www.queenalice.com/game.php?id=1863750"]
[Date "2025.10.2"]
[Round "1"]
[White "game"]
[Black "ricardoaurelio"]
[Result "0-1"]
[WhiteElo "1624"]
[BlackElo "2056"]

1. e4 e5 2. Nf3 Nc6 3. Nc3 d6 4. Nd5 Be6 5. Bb5 a6 6. Ba4 b5 7. Bb3 Nd4 8. Nxd4
exd4 9. Qf3 c5 10. a4 b4 11. d3 Nf6 12. Qg3 h6 13. Qh4 Be7 14. Qg3 g5 15. h4
gxh4 16. Qg7 Rf8 17. Bxh6 Ng8 18. Qh7 Nxh6 19. Qxh6 a5 20. O-O-O Kd7 21. e5 Rh8
22. Qg7 Rg8 23. Qh6 Rxg2 24. Bc4 Kc6 25. Nf4 Bg5 26. Bb5+ Kb6 27. Qg7 Bxf4+ 28.
Kb1 Rxg7 29. b3 h3 30. Rdg1 Rxg1+ 31. Rxg1 h2 32. Rc1 Bxc1 0-1

[Event "AUTO-MASTER-3253"]
[Site "http://www.queenalice.com/game.php?id=1865935"]
[Date "2025.11.21"]
[Round "2"]
[White "ricardoaurelio"]
[Black "Arnoldus"]
[Result "0-1"]
[WhiteElo "2018"]
[BlackElo "2223"]

1. e4 d5 2. exd5 Qxd5 3. Nc3 Qd8 4. Nf3 Bf5 5. d4 e6 6. a3 c6 7. Be3 Nd7 8. Bd3
Bxd3 9. Qxd3 Ngf6 10. O-O Bd6 11. Ne4 Nxe4 12. Qxe4 Nf6 13. Qd3 Qc7 14. h3 O-O
15. c4 Rfd8 16. c5 Bxc5 17. Rac1 Be7 18. b4 a6 19. Rfe1 Rd5 20. Qd2 a5 21. Bf4
Qb6 22. Re5 Rxe5 23. Bxe5 Nd5 24. Qb2 axb4 25. axb4 Qxb4 26. Qc2 Qa4 27. Qd1
Qxd1+ 28. Rxd1 Ra3 29. Rb1 f6 30. Bg3 b5 31. Kh2 Ra2 32. Rc1 b4 33. Rxc6 b3 34.
Rc8+ Kf7 35. Rb8 Bb4 36. Rb7+ Kg6 37. Nh4+ Kh6 38. Bf4+ g5 39. Be3 b2 40. Bxg5+
fxg5 41. Nf5+ exf5 42. Rd7 b1=Q 0-1